Directorio de diseño Mexicano 2012 (Record no. 12269)

MARC details
000 -CABECERA
campo de control de longitud fija 01186nam a22002897a 4500
003 - IDENTIFICADOR DEL NÚMERO DE CONTROL
campo de control OSt
005 - FECHA Y HORA DE LA ÚLTIMA TRANSACCIÓN
campo de control 20260530113915.0
008 - DATOS DE LONGITUD FIJA--INFORMACIÓN GENERAL
campo de control de longitud fija 260508b2012 |||ao||| |||| 001 0 eng d
020 #4 - NÚMERO INTERNACIONAL ESTÁNDAR DEL LIBRO
Número Internacional Estándar del Libro 9786079585006
040 ## - FUENTE DE LA CATALOGACIÓN
Centro catalogador/agencia de origen ICI
Lengua de catalogación spa
Centro/agencia transcriptor ICI
Normas de descripción rda
050 #4 - SIGNATURA TOPOGRÁFICA DE LA BIBLIOTECA DEL CONGRESO
Número de clasificación NK1414.A1
Número de documento/Ítem D57 2012
100 ## - ENTRADA PRINCIPAL--NOMBRE DE PERSONA
Nombre de persona Guzmán Bofil, Carlos
Forma completa/desarrollada del nombre dir.
Término indicativo de función/relación autor
9 (RLIN) 34002
245 ## - MENCIÓN DE TÍTULO
Título Directorio de diseño Mexicano 2012
Resto del título Directory of Mexican design 2012
264 ## - PRODUCCIÓN, PUBLICACIÓN, DISTRIBUCIÓN, FABRICACIÓN Y COPYRIGHT
Producción, publicación, distribución, fabricación y copyright México, D.F.]
Nombre del de productor, editor, distribuidor, fabricante Centro de Diseño, Cine y Televisión
-- ProMéxico,
Fecha de producción, publicación, distribución, fabricación o copyright 2012
300 ## - DESCRIPCIÓN FÍSICA
Extensión 390 páginas
336 ## - TIPO DE CONTENIDO
Fuente rdacontent
Término de tipo de contenido texto
337 ## - TIPO DE MEDIO
Fuente rdamedia
Nombre/término del tipo de medio sin medio
338 ## - TIPO DE SOPORTE
Fuente rdacarrier
Nombre/término del tipo de soporte volumen
500 ## - NOTA GENERAL
Nota general español e inglés
650 #4 - PUNTO DE ACCESO ADICIONAL DE MATERIA--TÉRMINO DE MATERIA
Término de materia o nombre geográfico como elemento de entrada Diseño
Subdivisión de forma Directorios
Subdivisión general Historia
Subdivisión cronológica Siglo XXI
Subdivisión geográfica México
9 (RLIN) 34003
650 #4 - PUNTO DE ACCESO ADICIONAL DE MATERIA--TÉRMINO DE MATERIA
Término de materia o nombre geográfico como elemento de entrada Diseño industrial
Subdivisión de forma Directorios
Subdivisión general Historia
Subdivisión cronológica Siglo XXI
Subdivisión geográfica México
9 (RLIN) 34004
650 #4 - PUNTO DE ACCESO ADICIONAL DE MATERIA--TÉRMINO DE MATERIA
Término de materia o nombre geográfico como elemento de entrada Diseño de muebles
Subdivisión de forma Directorios
Subdivisión general Historia
Subdivisión cronológica Siglo XXI
Subdivisión geográfica México
9 (RLIN) 34005
650 #4 - PUNTO DE ACCESO ADICIONAL DE MATERIA--TÉRMINO DE MATERIA
Término de materia o nombre geográfico como elemento de entrada Artes gráficas
Subdivisión de forma Directorios
Subdivisión general Historia
Subdivisión cronológica Siglo XXI
Subdivisión geográfica México
9 (RLIN) 34006
650 #4 - PUNTO DE ACCESO ADICIONAL DE MATERIA--TÉRMINO DE MATERIA
Término de materia o nombre geográfico como elemento de entrada Diseño de modas
Subdivisión de forma Directorios
Subdivisión general Historia
Subdivisión cronológica Siglo XXI
Subdivisión geográfica México
9 (RLIN) 34007
650 #4 - PUNTO DE ACCESO ADICIONAL DE MATERIA--TÉRMINO DE MATERIA
Término de materia o nombre geográfico como elemento de entrada Decoración de interiores
Subdivisión de forma Directorios
Subdivisión general Historia
Subdivisión cronológica Siglo XXI
Subdivisión geográfica México
9 (RLIN) 34008
942 ## - ELEMENTOS DE PUNTO DE ACCESO ADICIONAL (KOHA)
Fuente del sistema de clasificación o colocación Library of Congress Classification
Tipo de ítem Koha
Suprimir en OPAC 1

No items available.